000 01217naa a22002897a 4500
001 BR8708015
003 BR-BrBNA
005 20250721154536.0
007 ta
008 250630b bl.|||m| |||| 00| 0 por d
040 _aBR-BrBNA
_bpor
_cBiblioteca Nacional de Agricultura
041 _a(Pt)
072 _aF30
_b0336
090 _aF30 BR8708015
100 1 _aVernetti, F. de J.
100 1 _aGastal, M.F. da C.
245 1 _aMelhoramento genetico da soja na UEPAE de Pelotas, 1: Cruzamentos, geracoes, segregantes e linhagens
246 1 _a[Soybeans' breeding at the UEPAE of Pelotas. 1. Crossbreeding and lineages]
246 1 _a[Soybeans. Results of research 1982/83]
500 _aSoja. Resultados de pesquisa 1982/83 Brasilia, DF (Brasil): Empresa Brasileira de Pesquisa Agropecuaria. Depto. de Difusao de Tecnologia, 1986. p. 7-11 (BR8708015-AMS)
773 0 _tSoja. Resultados de pesquisa 1982/83
_wF30 BR8708015
_gBrasilia, DF (Brasil), 1986. p. 7-11
650 _aSOJA
650 _aMELHORAMENTO GENETICO VEGETAL
490 _aDocumentos - Centro de Pesquisa Agropecuaria de Terras Baixas de Clima Temperado (Brazil)
_vno. 13
942 _cAMS
_2AGRIS
909 _a202506
_bLúcia
_c55
_dLúcia Elande
999 _c335518
_d335518